| 000 | 02475njm a2200565 i 4500 | ||
|---|---|---|---|
| 001 | 34967 | ||
| 003 | KOSZ 005 | ||
| 005 | 20240405063104.0 | ||
| 007 | sd fsngnnmmned | ||
| 008 | 061010s2005 pl munn i 000 0 d | ||
| 020 | _a8360004188 | ||
| 020 | _a8360004064 | ||
| 040 |
_cKOSZ 005 _aKOSZ 005 _dKOSZ 005/AR |
||
| 041 | 0 | _apol | |
| 046 | _k2005 | ||
| 080 | _a780.8:780.616(44) | ||
| 080 | _a(086.7) | ||
| 100 | 1 |
_aSatie, Erik _d(1866-1925) _eKompozytor |
|
| 245 | 1 | 0 |
_aSatie / _cErik Satie. |
| 260 |
_aWarszawa : _bMediasat Poland, _c2005. |
||
| 300 |
_a1 płyta CD (63 min 35 s) : _bzapis cyfrowy, stereo ; _c12 cm + _e1 dodatek : 43 strony : ilustracje ; 13 cm x 14 cm. |
||
| 336 |
_2rdacontent _aNagranie muzyczne _bprm |
||
| 336 |
_2rdacontent _3Dodatek _aTekst _btxt |
||
| 337 |
_2rdamedia _aAudio _bs |
||
| 337 |
_2rdamedia _aKomputer _bc |
||
| 337 |
_2rdamedia _3Dodatek _aBez urządzenia pośredniczącego _bn |
||
| 338 |
_2rdacarrier _aPłyta audio _bd |
||
| 338 |
_2rdacarrier _3Dodatek _aWolumin _bc |
||
| 380 | _aMuzyka | ||
| 388 | _a1801-1900 | ||
| 388 | _a1901-2000 | ||
| 490 | 1 |
_aBiblioteka Gazety Wyborczej. Wielcy Kompozytorzy ; _v12 |
|
| 500 | _aTekst komentarza: Agnieszka Draus. | ||
| 500 | _aWykonanie.: Patrick Cohen, fortepian Érard ok. 1855. | ||
| 500 | _aNagranie: Iglesia de Miguel, Cuenca, Hiszpania, grudzień 1997. | ||
| 505 | _aUtwory na fortepian. Gnossiene ; II Gnosienne ; III Gnosienne ; V Gnosienne ; Danse de travers III (Pices froides) ; IV Gnossienne ; Air à faire fuir I (Pièces froides) ; Danse de travers I (Pièces froides) ; Air faire fuir II (Pièces froides) ; Danse de travers II (Pièces froides) ; Petite ouverture à danser ; VI Gnossienne ; Première pensée de la Rose+Croix ; I Gymnopédie ; Caresse ; II Gymnopédie ; Air à faire fuir III (Pièces froides) ; III Gymnopédie ; I Sarabande ; Les Fils des Étoiles. L'initiation. | ||
| 600 | 1 | 7 |
_aSatie, Erik _d(1866-1925) |
| 648 | 7 | _a1801-1900 | |
| 648 | 7 | _a1901-2000 | |
| 650 | 9 | _aKompozytorzy francuscy | |
| 655 | 7 | _aDokumenty dźwiękowe | |
| 655 | 7 | _aMuzyka na fortepian | |
| 655 | 7 | _aMuzyka instrumentalna | |
| 655 | 7 | _aMuzyka poważna | |
| 700 | 1 | _aCohen, Patrick | |
| 700 | 1 |
_aDraus, Agnieszka _eTekst |
|
| 710 | 2 |
_aMediasat Poland _eWydawca |
|
| 830 | 0 |
_aBiblioteka Gazety Wyborczej. _pWielcy Kompozytorzy _v12 |
|
| 942 |
_cCD _2UKD |
||
| 999 |
_c34967 _d34967 |
||